书目信息 |
| 题名: |
二十世纪广东包装设计史
|
|
| 作者: | 王娟 著 | |
| 分册: | ||
| 出版信息: | 北京 中国建筑工业出版社 2019.10 |
|
| 页数: | 229页 | |
| 开本: | 26cm | |
| 丛书名: | 工匠精神与设计文化研究论丛 | |
| 单 册: | ||
| 中图分类: | TB482 | |
| 科图分类: | ||
| 主题词: | 包装设计--bao zhuang she ji--历史--研究--广东--20世纪 | |
| 电子资源: | ||
| ISBN: | 978-7-112-23738-8 | |
| 000 | 01229nam0 2200277 450 | |
| 001 | 2371418878 | |
| 005 | 20231125195034.57 | |
| 010 | @a978-7-112-23738-8@dCNY88.00 | |
| 100 | @a20200107d2019 em y0chiy50 ea | |
| 101 | 0 | @achi |
| 102 | @aCN@b110000 | |
| 105 | @aa a 000yy | |
| 200 | 1 | @a二十世纪广东包装设计史@Aer shi shi ji guang dong bao zhuang she ji shi@d= History of Guangdong packaging design in the 20th century@f王娟著@zeng |
| 210 | @a北京@c中国建筑工业出版社@d2019.10 | |
| 215 | @a229页@c图 (部分彩图)@d26cm | |
| 225 | 2 | @a工匠精神与设计文化研究论丛@Agong jiang jing shen yu she ji wen hua yan jiu lun cong |
| 314 | @a王娟, 广东工业大学艺术与设计学院副院长、教授等职。 | |
| 320 | @a有书目 (第218-227页) | |
| 330 | @a全书共分五个部分: 晚清广东的包装设计、民国时期广东的包装设计、中华人民共和国成立至改革开放前广东的包装设计、改革开放以来广东的包装设计、改革开放以来广东包装设计的发展历程。 | |
| 410 | 0 | @12001 @a工匠精神与设计文化研究论丛 |
| 510 | 1 | @aHistory of Guangdong packaging design in the 20th century@zeng |
| 606 | 0 | @a包装设计@Abao zhuang she ji@x历史@x研究@y广东@z20世纪 |
| 690 | @aTB482@v5 | |
| 701 | 0 | @a王娟@Awang juan@4著 |
| 801 | @aCN@b山东中教@c20231121 | |
| 905 | @aBZT@dTB482@e6 | |
| 二十世纪广东包装设计史= History of Guangdong packaging design in the 20th century/王娟著.-北京:中国建筑工业出版社,2019.10 |
| 229页:图 (部分彩图);26cm.-(工匠精神与设计文化研究论丛) |
| ISBN 978-7-112-23738-8:CNY88.00 |
| 全书共分五个部分: 晚清广东的包装设计、民国时期广东的包装设计、中华人民共和国成立至改革开放前广东的包装设计、改革开放以来广东的包装设计、改革开放以来广东包装设计的发展历程。 |
| ● |
| 相关链接 |
|
|
|
正题名:二十世纪广东包装设计史
索取号:TB482/6
 
预约/预借
| 序号 | 登录号 | 条形码 | 馆藏地/架位号 | 状态 | 备注 |
| 1 | 2001049208 | 2001049208 | 中教第一批/山东中教(第一批)/746/ [索取号:TB482/6] | 在馆 | |
| 2 | 2001049209 | 2001049209 | 中教第一批/山东中教(第一批)/746/ [索取号:TB482/6] | 在馆 | |
| 3 | 2001049210 | 2001049210 | 中教第一批/山东中教(第一批)/746/ [索取号:TB482/6] | 在馆 | |
| 4 | 2001049211 | 2001049211 | 中教第一批/山东中教(第一批)/746/ [索取号:TB482/6] | 在馆 | |
| 5 | 2001049212 | 2001049212 | 中教第一批/山东中教(第一批)/746/ [索取号:TB482/6] | 在馆 | |
| 6 | 2001049213 | 2001049213 | 中教第一批/山东中教(第一批)/746/ [索取号:TB482/6] | 在馆 |